Filmschurken der 2000er nach Herkunftsland - Statistiken

Allgemein
  • Dieses Quiz wurde 64 mal gespielt
    38 seit der letzten Aktualisierung
  • Das Durchschnittsergebnis liegt bei 7 aus 20
Antwortstatistiken
Schurke Film(-reihe) Herkunftsland % Korrekt
Joseph Goebbels Der Untergang Deutschland
84%
Lord Voldemort Harry Potter Vereinigtes Königreich
84%
Skinner Ratatouille Frankreich
73%
Sao Feng Pirates of the Caribbean China
72%
Imhotep Die Mumie kehrt zurück Ägypten
70%
Menelaos Troja Griechenland
63%
Commodus Gladiator Italien
58%
Miles Quaritch Avatar - Aufbruch nach Pandora Vereinigte Staaten
57%
Fossas Madagascar Madagaskar
46%
Manuel Aringarosa The Da Vinci Code - Sakrileg Spanien
35%
Irina Spalko Indiana Jones und das Königreich des Kristallschädels Ukraine
30%
Valenka James Bond 007 - Casino Royale Russland
29%
Gustav Graves / Tan-Sun Moon James Bond 001 - Stirb an einem anderen Tag Nordkorea
19%
Luiz Medrano James Bond 007 - Ein Quantum Trost Bolivien
7%
Mathayus III. / Scorpion King Die Mumie kehrt zurück Irak
6%
Mr. White James Bond 007 Österreich
6%
Le Chiffre James Bond 007 - Casino Royale Albanien
3%
Mr. Kil James Bond 001 - Stirb an einem anderen Tag Island
3%
Dr. Alvarez James Bond 001 - Stirb an einem anderen Tag Kuba
3%
Hugh Stamp Mission: Impossible II Südafrika
0%
Steven Obanno James Bond 007 - Casino Royale Uganda
0%
Keine übereinstimmenden Quizze gefunden
Verteilung der Resultate
Anzahl Personen mit jedem Resultat
Perzentil nach korrekt beantworteten Fragen
Ihre Resultats-Entwicklung
Sie haben dieses Quiz seit der letzten Aktualisierung nicht gespielt